| 000 | 01289nam a2200313 i 4500 | ||
|---|---|---|---|
| 003 | EG-GICUC | ||
| 005 | 20260121101219.0 | ||
| 008 | 251113s1993 ua ||||f |||| 00| 0 ara d | ||
| 040 |
_a EG-GICUC _bara _c EG-GICUC _d EG-GICUC _erda |
||
| 041 | _aara | ||
| 082 | 0 | 4 |
_221 _a345.25 _bخ ا . ت |
| 092 | 0 | 4 | _221 |
| 099 | _aLaw1 07 345.25 خ ا . ت 3 ed - 1993 | ||
| 100 | 0 |
_aخالد سمارة الزعبي _eمؤلف. |
|
| 245 |
_aتشكيل المجالس المحلية و اثره علي كفايتها في نظم الادارة المحلية : _bدراسة مقارنة/ _cدكتور خالد سمارة الزعبي |
||
| 250 | _aالطبعة الثالثة | ||
| 264 |
_aالاردن : _bدار الثقافة للنشر و التوزيع، _c1993. |
||
| 300 |
_a379 صفحة ؛ _c24 سم |
||
| 336 |
_2rda content _atext |
||
| 337 |
_2rda media _aComputer |
||
| 338 |
_2rda carrier _aOnline Resource |
||
| 504 | _a. 368 -351ببليوجرافيا: صفحات. | ||
| 546 | _aالنص أغلبه باللغة العربية بعض النصوص الإنجليزية والفرنسية | ||
| 650 | 1 |
_aالقانون الإداري _2qrmak |
|
| 651 | 1 | _2qrmak | |
| 856 | 4 | 0 | _uhttps://fll.law.cu.edu.eg/fulltext/bks/B07-00675.pdf |
| 905 | _a74 | ||
| 942 |
_2ddc _n0 _cBK _e21 |
||
| 999 |
_c43111 _d43111 |
||